[Event "EU-ch Online U12 Girls"]
[Site "Tornelo INT"]
[Date "2020.09.19"]
[Round "4"]
[White "Bueckert, Diana"]
[Black "Sefic, Lana"]
[Result "1/2-1/2"]
[WhiteElo "1357"]
[BlackElo "1143"]
[PlyCount "133"]
[EventDate "2020.09.18"]
[EventType "swiss (rapid)"]
[EventRounds "9"]
[EventCountry "NET"]
[SourceTitle "EXT 2023"]
[Source "ChessBase"]
[SourceDate "2022.10.05"]
[SourceVersion "1"]
[SourceVersionDate "2022.10.05"]
[SourceQuality "1"]
[WhiteTeam "Irland"]
[BlackTeam "Slovenia"]
[WhiteTeamCountry "IRL"]
[BlackTeamCountry "SLO"]

1. d4 d5 2. Nf3 Nf6 3. c4 dxc4 4. e3 Bf5 5. Bxc4 e6 6. 0-0 Bd6 7. Nc3 Ne4 8. Nxe4 Bxe4 9. Re1 Qf6 10. Be2 Qg6 11. Qb3 b6 12. Bd2 0-0 13. a3 a5 14. Rac1 Nd7 15. Bc3 Nf6 16. Qd1 Rfd8 17. h3 Nd5 18. Bc4 Qf6 19. Nd2 Nxc3 20. Rxc3 Bb7 21. Be2 Qg6 22. Bf3 Bxf3 23. Nxf3 h6 24. Qc1 Rac8 25. e4 Rd7 26. e5 Be7 27. Re2 Qh7 28. Rec2 c5 29. dxc5 Bxc5 30. Qe1 Qf5 31. Re2 Kh8 32. Rc1 Rcd8 33. b4 axb4 34. axb4 Be7 35. Rb1 Qf4 36. b5 Qc4 37. g3 Qa4 38. Ra1 Qxb5 39. Rb1 Qa6 40. Reb2 Qb7 41. Qe3 Bc5 42. Qe2 Rb8 43. Nd2 Rbd8 44. Nc4 b5 45. Na5 Qa6 46. Rxb5 Be7 47. Nc4 Rd5 48. Rxd5 Rxd5 49. Qe4 Qa4 50. Rb8+ Rd8 51. Rxd8+ Bxd8 52. Qe2 Qa1+ 53. Kg2 Qa8+ 54. Kh2 Qd5 55. f4 Be7 56. Nb6 Qc6 57. Nc4 Qd5 58. Ne3 Qd4 59. Ng4 Bf8 60. Qf3 Qd2+ 61. Qg2 Qxg2+ 62. Kxg2 Bc5 63. Kf3 Kh7 64. Ne3 Ba7 65. Ng4 h5 66. Ne3 Kh6 67. Ng2 1/2-1/2

[Event "EU-ch Online U12 Girls"]
[Site "Tornelo INT"]
[Date "2020.09.19"]
[Round "6"]
[White "Weber, Amelia"]
[Black "Sefic, Lana"]
[Result "0-1"]
[WhiteElo "1351"]
[BlackElo "1143"]
[PlyCount "124"]
[EventDate "2020.09.18"]
[EventType "swiss (rapid)"]
[EventRounds "9"]
[EventCountry "NET"]
[SourceTitle "EXT 2023"]
[Source "ChessBase"]
[SourceDate "2022.10.05"]
[SourceVersion "1"]
[SourceVersionDate "2022.10.05"]
[SourceQuality "1"]
[WhiteTeam "Kanalinseln"]
[BlackTeam "Slovenia"]
[WhiteTeamCountry "JCI"]
[BlackTeamCountry "SLO"]

1. e4 e5 2. Nf3 Nc6 3. Nc3 Nf6 4. d4 exd4 5. Nxd4 Bb4 6. Nxc6 bxc6 7. Bd3 h6 8. 0-0 0-0 9. Re1 d5 10. exd5 cxd5 11. a3 Ba5 12. b4 Bb6 13. Bf4 c6 14. h3 Bc7 15. Bxc7 Qxc7 16. Qf3 Bb7 17. Rad1 Rfe8 18. a4 a6 19. Ne2 c5 20. bxc5 Qxc5 21. Qf4 Ne4 22. Ng3 Nc3 23. Rc1 Qc6 24. Nf5 Qf6 25. g3 Rad8 26. Rxe8+ Rxe8 27. Nd6 Qxf4 28. gxf4 Re7 29. Nxb7 Rxb7 30. Bxa6 Rb4 31. Re1 Rxf4 32. Bd3 Kf8 33. a5 Ra4 34. a6 g6 35. Kg2 d4 36. Kf3 f5 37. Re6 Kf7 38. Rb6 Kg7 39. Rb7+ Kf6 40. h4 Na2 41. Bb5 Ra3+ 42. Ke2 Nc3+ 43. Kd2 Nxb5 44. Rxb5 Rxa6 45. Rd5 Ra4 46. Kd3 Ke6 47. Rd8 Ke7 48. Rxd4 Ra3+ 49. Kd2 Ke6 50. c4 Ra4 51. Kd3 Ra3+ 52. Kd2 Ra4 53. Kc3 Ke5 54. Rd5+ Ke4 55. Rd3 Ra3+ 56. Kc2 Rxd3 57. c5 Rd8 58. c6 Rc8 59. c7 Rxc7+ 60. Kd2 Kf3 61. Ke1 Rd7 62. Kf1 Rd1# 0-1

[Event "SLO-chT U16 Girls"]
[Site "Murska Sobota"]
[Date "2018.05.13"]
[Round "5"]
[White "Sefic, Lana"]
[Black "Lukac, Alina"]
[Result "0-1"]
[WhiteElo "1058"]
[BlackElo "1396"]
[PlyCount "66"]
[EventDate "2018.05.11"]
[EventType "team-tourn"]
[EventRounds "5"]
[EventCountry "SLO"]
[SourceTitle "EXT 2020"]
[Source "ChessBase"]
[SourceDate "2019.10.17"]
[SourceVersion "1"]
[SourceVersionDate "2019.10.17"]
[SourceQuality "1"]

1. e4 c5 2. Nf3 d6 3. d4 cxd4 4. Nxd4 Nf6 5. Nc3 e6 6. Be3 Be7 7. f3 0-0 8. Qd2 a6 9. 0-0-0 Qc7 10. g4 Nc6 11. h4 Nxd4 12. Qxd4 e5 13. Qb6 Qxb6 14. Bxb6 Be6 15. a3 Rac8 16. Be3 Nd7 17. h5 b5 18. g5 Rc6 19. Rg1 Nb6 20. g6 fxg6 21. hxg6 h6 22. Be2 Nc4 23. Bxc4 Bxc4 24. Rg3 Bd8 25. Rh1 Bb6 26. Bxh6 gxh6 27. Rxh6 Be3+ 28. Kb1 Bxh6 29. Rh3 Bg7 30. Rg3 Rf6 31. b3 Bxb3 32. cxb3 Rxc3 33. Kb2 Rcxf3 0-1

[Event "SLO-chT U16 Girls"]
[Site "Murska Sobota"]
[Date "2018.05.12"]
[Round "2"]
[White "Strazisnik, Alja"]
[Black "Sefic, Lana"]
[Result "0-1"]
[WhiteElo "1188"]
[BlackElo "1058"]
[PlyCount "102"]
[EventDate "2018.05.11"]
[EventType "team-tourn"]
[EventRounds "5"]
[EventCountry "SLO"]
[SourceTitle "EXT 2020"]
[Source "ChessBase"]
[SourceDate "2019.10.17"]
[SourceVersion "1"]
[SourceVersionDate "2019.10.17"]
[SourceQuality "1"]

1. e4 c5 2. Nf3 d6 3. Bb5+ Nd7 4. 0-0 a6 5. Bc4 Ngf6 6. Re1 e5 7. c3 Nb6 8. Bb3 Be6 9. d4 cxd4 10. cxd4 Bxb3 11. Qxb3 exd4 12. Nxd4 Be7 13. Nc3 0-0 14. Nf5 Re8 15. Bg5 Nbd7 16. Nd5 Nxd5 17. Bxe7 Nxe7 18. Nxd6 Rf8 19. Rad1 Qb6 20. Qa4 Qc6 21. Qb3 Rab8 22. e5 Nc5 23. Qb4 Ne6 24. Qb3 Ng6 25. Nf5 Rbd8 26. h4 Rxd1 27. Rxd1 Re8 28. Re1 Qb5 29. Qg3 Qxb2 30. h5 Ne7 31. Nh6+ Kf8 32. Ng4 Qd2 33. Re3 Nf5 34. Qf3 Nxe3 35. fxe3 Qe1+ 36. Kh2 Qh4+ 37. Kg1 Ng5 38. Qf4 Rd8 39. Qb4+ Kg8 40. Qa4 Kh8 41. h6 g6 42. Qb3 Qxg4 43. Qb1 Rd1+ 44. Qxd1 Qxd1+ 45. Kh2 Qe2 46. a4 Nf3+ 47. Kg3 Qxe3 48. gxf3 Qxe5+ 49. Kg4 f5+ 50. Kg5 Qg3+ 51. Kf6 Qf4 0-1

[Event "SLO-chT U16 Girls"]
[Site "Murska Sobota"]
[Date "2018.05.11"]
[Round "1"]
[White "Sefic, Lana"]
[Black "Cebron, Asja"]
[Result "0-1"]
[WhiteElo "1058"]
[BlackElo "1460"]
[PlyCount "46"]
[EventDate "2018.05.11"]
[EventType "team-tourn"]
[EventRounds "5"]
[EventCountry "SLO"]
[SourceTitle "EXT 2020"]
[Source "ChessBase"]
[SourceDate "2019.10.17"]
[SourceVersion "1"]
[SourceVersionDate "2019.10.17"]
[SourceQuality "1"]

1. e4 e5 2. Nf3 Nc6 3. Bc4 Bc5 4. Nc3 Nf6 5. d3 h6 6. Be3 Bb6 7. 0-0 d6 8. h3 g5 9. Nh2 g4 10. hxg4 Rg8 11. Bxb6 axb6 12. Qf3 Nd4 13. Qd1 Bxg4 14. Nxg4 Nxg4 15. Nb5 Qh4 16. Qxg4 Qxg4 17. g3 Ne2+ 18. Kh2 Qh5+ 19. Kg2 Nf4+ 20. Kg1 Qh3 21. Nxd6+ cxd6 22. Bxf7+ Kxf7 23. g4 Qg2# 0-1

[Event "SLO-ch U10 Girls"]
[Site "Ptuj"]
[Date "2017.03.01"]
[Round "5"]
[White "Guid, Taja"]
[Black "Sefic, Lana"]
[Result "1-0"]
[WhiteElo "1227"]
[BlackElo "1048"]
[PlyCount "105"]
[EventDate "2017.02.27"]
[EventType "swiss"]
[EventRounds "9"]
[EventCountry "SLO"]
[SourceTitle "CBM 177 Extra"]
[Source "ChessBase"]
[SourceDate "2017.04.27"]
[SourceVersion "1"]
[SourceVersionDate "2017.04.27"]
[SourceQuality "1"]

1. e4 c5 2. Nf3 e6 3. c3 d5 4. e5 Nc6 5. d4 b6 6. Be2 Bb7 7. 0-0 Be7 8. Re1 f6 9. exf6 Nxf6 10. Ng5 Qd7 11. Bb5 a6 12. Bxc6 Bxc6 13. Nxe6 Rg8 14. dxc5 bxc5 15. Nxc5 Qa7 16. Be3 Kf7 17. Nd3 Qc7 18. Bf4 Qb7 19. Ne5+ Kf8 20. Nxc6 Qxc6 21. Qe2 Re8 22. Be3 Bc5 23. Bxc5+ Qxc5 24. Qf1 Rxe1 25. Qxe1 Kf7 26. Nd2 Re8 27. Qf1 d4 28. Qc4+ Qxc4 29. Nxc4 d3 30. Nd6+ Ke7 31. Nxe8 Kxe8 32. Rd1 d2 33. Rxd2 Kf7 34. f3 Ne8 35. Kf2 Kf6 36. Kg3 h5 37. f4 g6 38. h4 Ng7 39. Rd6+ Kf5 40. Rxa6 Ne8 41. c4 Nc7 42. Rc6 Ne8 43. a4 Ke4 44. a5 Kd4 45. a6 Ke4 46. Re6+ Kf5 47. Rxe8 Kf6 48. a7 Kf5 49. a8Q Kf6 50. Qc6+ Kf7 51. Qd7+ Kf6 52. Qe7+ Kf5 53. Qe5# 1-0